| 000 | 00389nam a22001217a 4500 | ||
|---|---|---|---|
| 040 | _cDLC | ||
| 082 |
_a618.9201 _bGOM |
||
| 245 |
_aGomella's Neonatology: Management, Procedures, On-Call Problems, Diseases, and Drugs / _bEdited by Tricia Lacy Gomella [...eta l.] |
||
| 250 | _a8th Edition. | ||
| 260 |
_aNew York : _bMcGraw Hill, _c2020. |
||
| 300 |
_a1439p. _bill: _c22cm |
||
| 942 |
_2ddc _cBK |
||
| 999 |
_c595573 _d595573 |
||